Eastern Utah Libraries Catalog: Duchesne, Heber, Roosevelt, & Vernal

Dominion : (Record no. 405899)

MARC details
000 -LEADER
fixed length control field 01979nam a2200481 i 4500
001 - CONTROL NUMBER
control field 3172109
005 - DATE AND TIME OF LATEST TRANSACTION
control field 20250325162815.0
008 - FIXED-LENGTH DATA ELEMENTS--GENERAL INFORMATION
fixed length control field 191016s2019 nyua b 001 0 eng d
020 ## - INTERNATIONAL STANDARD BOOK NUMBER
International Standard Book Number 9780465093502 :
Terms of availability $32.00
020 ## - INTERNATIONAL STANDARD BOOK NUMBER
International Standard Book Number 0465093507 :
Terms of availability $32.00
035 ## - SYSTEM CONTROL NUMBER
System control number (OCoLC)1085635440
035 ## - SYSTEM CONTROL NUMBER
System control number (OCoLC)on1085635440
035 ## - SYSTEM CONTROL NUMBER
System control number 3004573
035 ## - SYSTEM CONTROL NUMBER
System control number 3140530
040 ## - CATALOGING SOURCE
Original cataloging agency PABRO
Language of cataloging eng
Description conventions rda
Transcribing agency PABRO
050 #4 - LIBRARY OF CONGRESS CALL NUMBER
Classification number BR115.C5
Item number H65 2019
082 04 - DEWEY DECIMAL CLASSIFICATION NUMBER
Classification number 261
Edition number 23
092 ## - LOCALLY ASSIGNED DEWEY CALL NUMBER (OCLC)
Classification number general nonfiction
Item number 261 Holland
100 1# - MAIN ENTRY--PERSONAL NAME
Personal name Holland, Tom,
Relator term author.
9 (RLIN) 57764
245 10 - TITLE STATEMENT
Title Dominion :
Remainder of title how the Christian revolution remade the world /
Statement of responsibility, etc Tom Holland.
264 #1 - Production, Publication, Distribution, Manufacture, and Copyright Notice.
Place of production, publication, distribution, manufacture New York :
Name of producer, publisher, distributor, manufacturer Basic Books,
Date of production, publication, distribution, manufacture, or copyr [2019]
300 ## - PHYSICAL DESCRIPTION
Extent x, 612 pages :
Other physical details illustrations (some color) ;
Dimensions 25 cm
336 ## - Content Type
Content type term text
337 ## - Media type
Media type term unmediated
338 ## - Carrier type
Carrier type term volume
504 ## - BIBLIOGRAPHY, ETC. NOTE
Bibliography, etc Includes bibliographical references (pages 545-591) and index.
650 #0 - SUBJECT ADDED ENTRY--TOPICAL TERM
Topical term or geographic name as entry element Christian civilization.
9 (RLIN) 6268152
650 #0 - SUBJECT ADDED ENTRY--TOPICAL TERM
Topical term or geographic name as entry element Christianity
General subdivision History.
9 (RLIN) 5734492
650 #0 - SUBJECT ADDED ENTRY--TOPICAL TERM
Topical term or geographic name as entry element Christianity and culture.
650 #7 - SUBJECT ADDED ENTRY--TOPICAL TERM
Topical term or geographic name as entry element HISTORY / Europe / General.
Source of heading or term bisacsh
9 (RLIN) 6022419
650 #7 - SUBJECT ADDED ENTRY--TOPICAL TERM
Topical term or geographic name as entry element HISTORY / United States / General.
Source of heading or term bisacsh
9 (RLIN) 5697463
650 #7 - SUBJECT ADDED ENTRY--TOPICAL TERM
Topical term or geographic name as entry element HISTORY / World
Source of heading or term bisacsh
9 (RLIN) 5906622
650 #7 - SUBJECT ADDED ENTRY--TOPICAL TERM
Topical term or geographic name as entry element RELIGION / Ancient
Source of heading or term bisacsh
9 (RLIN) 5964626
650 #7 - SUBJECT ADDED ENTRY--TOPICAL TERM
Topical term or geographic name as entry element RELIGION / Christianity / History
Source of heading or term bisacsh
9 (RLIN) 5737205
650 #7 - SUBJECT ADDED ENTRY--TOPICAL TERM
Topical term or geographic name as entry element HISTORY / Europe / Italy
Source of heading or term bisacsh
9 (RLIN) 5979001
650 #7 - SUBJECT ADDED ENTRY--TOPICAL TERM
Topical term or geographic name as entry element HISTORY / United States / 21st Century
Source of heading or term bisacsh
9 (RLIN) 5692673
942 ## - ADDED ENTRY ELEMENTS (KOHA)
Source of classification or shelving scheme Dewey Decimal Classification
Koha item type BOOK
Holdings
Withdrawn status Lost status Source of classification or shelving scheme Damaged status Not for loan Collection code Home library Current library Shelving location Date acquired Source of acquisition Total Checkouts Total Renewals Full call number Barcode Date last seen Date checked out Cost, replacement price Price effective from Koha item type
    Dewey Decimal Classification     General NonFiction Wasatch County Library Wasatch County Library Second Floor 03/25/2025 Amazon 1 1 261 Holland 34301002150482 02/26/2026 05/01/2025 22.99 03/25/2025 BOOK
This project was made possible through a grant from the Institute of Museum and Library Service administered by the Utah State Library Division.

Wasatch County Library

  • 465 East 1200 South, Heber City, Utah 84032
  • Phone 435-654-1511 | Fax 435-654-6456

Hours

  • Monday - Friday 9:30 AM - 8:00 PM
  • Saturday 9:30 AM - 1:30 PM
  • Closed Sundays and Holidays